[Event "Erkenschwick Jubilee"]
[Site "Oer Erkenschwick"]
[Date "2023.08.05"]
[Round "2"]
[White "Lanka, Zigurds"]
[Black "Royal, Shreyas"]
[Result "1/2-1/2"]
[WhiteElo "2387"]
[BlackElo "2402"]
[PlyCount "37"]
[EventDate "2023.08.04"]
[EventType "tourn"]
[EventRounds "9"]
[EventCountry "GER"]
[EventCategory "6"]
[SourceTitle "EXT 2024"]
[Source "ChessBase"]
[SourceDate "2023.10.10"]
[SourceVersion "1"]
[SourceVersionDate "2023.10.10"]
[SourceQuality "1"]

1. e4 e5 2. Nf3 Nc6 3. Bb5 a6 4. Ba4 Nf6 5. 0-0 b5 6. Bb3 Bc5 7. a4 Rb8 8. d3 d6 9. c3 h6 10. axb5 axb5 11. Be3 0-0 12. h3 Re8 13. Nbd2 Bxe3 14. fxe3 Be6 15. Bxe6 Rxe6 16. Qb3 d5 17. exd5 Nxd5 18. Rfe1 Nf6 19. Qc2 1/2-1/2

[Event "Kiel Doppelbauer IM 2nd"]
[Site "Kiel"]
[Date "2022.07.05"]
[Round "9"]
[White "Fromm, Marius"]
[Black "Lanka, Zigurds"]
[Result "0-1"]
[WhiteElo "2391"]
[BlackElo "2399"]
[PlyCount "124"]
[EventDate "2022.06.29"]
[EventType "tourn"]
[EventRounds "9"]
[EventCountry "GER"]
[EventCategory "4"]
[SourceTitle "CBM 209 Extra"]
[Source "ChessBase"]
[SourceDate "2022.09.30"]
[SourceVersion "1"]
[SourceVersionDate "2022.09.30"]
[SourceQuality "1"]

1. e4 c5 2. Nf3 e6 3. d4 cxd4 4. Nxd4 a6 5. Bd3 Bc5 6. Nb3 Ba7 7. 0-0 d6 8. Qe2 Nc6 9. Be3 e5 10. Bxa7 Rxa7 11. c4 Nf6 12. Nc3 b6 13. Rfd1 Nd7 14. Bc2 Nf8 15. Rd2 Ne6 16. Rad1 Rd7 17. Qe3 0-0 18. Nd5 Ncd4 19. Nxd4 Nxd4 20. Rxd4 exd4 21. Qxd4 Rb7 22. Rd3 f5 23. Rb3 b5 24. cxb5 Rxb5 25. Rg3 Rb7 26. Bb3 Kh8 27. Nf4 fxe4 28. Qxe4 Qe7 29. Re3 Qxe4 30. Rxe4 Bf5 31. Rd4 Re7 32. Rd1 Bg4 33. f3 Rxf4 34. fxg4 h6 35. h3 Rf6 36. Rd2 g5 37. Rc2 Kg7 38. Rc8 Re1+ 39. Kh2 Re2 40. Rc7+ Kf8 41. Rc8+ Ke7 42. Rc7+ Kd8 43. Rc6 a5 44. Ra6 Re5 45. Bc4 Kc7 46. b3 Rf2 47. a4 Rd2 48. Ra7+ Kb6 49. Rh7 Kc5 50. Rxh6 d5 51. Bb5 Rb2 52. h4 gxh4 53. Kh3 Re3+ 54. Kxh4 Rxg2 55. Ra6 Kb4 56. Rd6 Re5 57. Rb6 Kc3 58. Bc6 Rh2+ 59. Kg3 Rh6 60. Ra6 d4 61. Kf4 Ree6 62. g5 Rxc6 0-1

[Event "Kiel Doppelbauer IM 2nd"]
[Site "Kiel"]
[Date "2022.06.29"]
[Round "1"]
[White "Lanka, Zigurds"]
[Black "Beeck, Mats"]
[Result "1/2-1/2"]
[WhiteElo "2399"]
[BlackElo "2204"]
[PlyCount "63"]
[EventDate "2022.06.29"]
[EventType "tourn"]
[EventRounds "9"]
[EventCountry "GER"]
[EventCategory "4"]
[SourceTitle "CBM 209 Extra"]
[Source "ChessBase"]
[SourceDate "2022.09.30"]
[SourceVersion "1"]
[SourceVersionDate "2022.09.30"]
[SourceQuality "1"]

1. e4 e5 2. Nf3 Nc6 3. Bb5 Nf6 4. d3 Bc5 5. c3 0-0 6. 0-0 d6 7. h3 a6 8. Ba4 Re8 9. Re1 h6 10. Nbd2 b5 11. Bc2 a5 12. Nf1 d5 13. exd5 Qxd5 14. a4 b4 15. Ne3 Qd8 16. Nc4 e4 17. dxe4 Qxd1 18. Rxd1 Nxe4 19. Be3 bxc3 20. bxc3 Bxe3 21. Nxe3 Nxc3 22. Rd2 Ba6 23. Ra3 Ne2+ 24. Kh2 Nb4 25. Bd1 Nf4 26. Rc3 c6 27. Bb3 Nfd3 28. Nc4 Bxc4 29. Bxc4 Ne5 30. Nxe5 Rxe5 31. Rd7 Rf5 32. Rf3 1/2-1/2

[Event "AUT-chT2W 2122"]
[Site "Austria"]
[Date "2022.03.13"]
[Round "11.3"]
[White "Bezler, Rainer"]
[Black "Lanka, Zigurds"]
[Result "1/2-1/2"]
[WhiteElo "2204"]
[BlackElo "2386"]
[PlyCount "46"]
[EventDate "2021.10.15"]
[EventType "team-tourn"]
[EventRounds "11"]
[EventCountry "AUT"]
[SourceTitle "EXT 2023"]
[Source "ChessBase"]
[SourceDate "2022.10.05"]
[SourceVersion "1"]
[SourceVersionDate "2022.10.05"]
[SourceQuality "1"]
[WhiteTeam "Lustenau"]
[BlackTeam "Mayrhofen/Zillertal"]
[WhiteTeamCountry "AUT"]
[BlackTeamCountry "AUT"]

1. e4 c5 2. Nf3 a6 3. c4 b6 4. Nc3 e6 5. g3 Bb7 6. Bg2 Nf6 7. d3 d6 8. 0-0 Nbd7 9. Qe2 Rc8 10. b3 Be7 11. Bb2 Qc7 12. d4 cxd4 13. Nxd4 0-0 14. Rac1 Rfe8 15. Rfe1 Qb8 16. Qd2 Bf8 17. Re2 g6 18. Rce1 Bg7 19. Rd1 Bf8 20. Rde1 Bg7 21. Rd1 Bf8 22. Rde1 Bg7 23. Rd1 Bf8 1/2-1/2

[Event "Berlin Rising Stars GM"]
[Site "Berlin"]
[Date "2021.09.24"]
[Round "9"]
[White "Lanka, Zigurds"]
[Black "Parvanyan, Ashot"]
[Result "1-0"]
[WhiteElo "2390"]
[BlackElo "2460"]
[PlyCount "119"]
[EventDate "2021.09.19"]
[EventType "tourn"]
[EventRounds "9"]
[EventCountry "GER"]
[EventCategory "8"]
[SourceTitle "CBM 204 Extra"]
[Source "ChessBase"]
[SourceDate "2021.11.30"]
[SourceVersion "1"]
[SourceVersionDate "2021.11.30"]
[SourceQuality "1"]

1. e4 e6 2. d4 d5 3. Nc3 Bb4 4. e5 Ne7 5. a3 Bxc3+ 6. bxc3 c5 7. Nf3 b6 8. Bb5+ Bd7 9. Bd3 c4 10. Be2 Ba4 11. h4 h6 12. h5 Kd7 13. Bf4 Qg8 14. Nd2 Nbc6 15. Bg4 Qh7 16. Ra2 Raf8 17. 0-0 g6 18. Re1 gxh5 19. Bh3 Qg6 20. Nf1 Nf5 21. Ng3 Nxg3 22. Bxg3 a5 23. Bh4 b5 24. Re3 Ne7 25. Rf3 Qe4 26. g3 Rhg8 27. Kh2 Qh7 28. Rf6 Ng6 29. Qxh5 Nxh4 30. Qxh4 h5 31. Rb2 Qg7 32. f4 Re8 33. Rb1 Re7 34. Rc1 Qh7 35. f5 Rge8 36. Rf1 Kc6 37. Rf2 Qh8 38. fxe6 fxe6 39. Bf5 b4 40. axb4 axb4 41. cxb4 Kb5 42. Bg6 Ra8 43. Rf7 Rxf7 44. Bxf7 Qf8 45. Qf6 Ra6 46. c3 Bd1 47. Qg6 Qe7 48. Qg8 Bg4 49. Qb8+ Ka4 50. b5 Ra5 51. b6 Kb3 52. b7 Rb5 53. Qa8 Rxb7 54. Qa2+ Kxc3 55. Qa1+ Kd3 56. Bg6+ Ke3 57. Rc2 Bf5 58. Qg1+ Kf3 59. Qf2+ Ke4 60. Re2+ 1-0

[Event "Berlin Rising Stars GM"]
[Site "Berlin"]
[Date "2021.09.21"]
[Round "4"]
[White "Bethke, Richard"]
[Black "Lanka, Zigurds"]
[Result "1/2-1/2"]
[WhiteElo "2332"]
[BlackElo "2390"]
[PlyCount "40"]
[EventDate "2021.09.19"]
[EventType "tourn"]
[EventRounds "9"]
[EventCountry "GER"]
[EventCategory "8"]
[SourceTitle "CBM 204 Extra"]
[Source "ChessBase"]
[SourceDate "2021.11.30"]
[SourceVersion "1"]
[SourceVersionDate "2021.11.30"]
[SourceQuality "1"]

1. e4 c5 2. Nf3 a6 3. c3 d5 4. exd5 Qxd5 5. d4 e6 6. Be3 cxd4 7. cxd4 Nf6 8. Nc3 Qd6 9. Bd3 Nc6 10. a3 Be7 11. 0-0 0-0 12. Rc1 b5 13. Ne4 Nxe4 14. Bxe4 Bb7 15. d5 exd5 16. Qxd5 Na5 17. Qxd6 Bxd6 18. Bxb7 Nxb7 19. Rc6 Rfd8 20. b4 Bf8 1/2-1/2

[Event "Berlin Rising Stars GM"]
[Site "Berlin"]
[Date "2021.09.20"]
[Round "3"]
[White "Lanka, Zigurds"]
[Black "Sawlin, Leonid"]
[Result "0-1"]
[WhiteElo "2390"]
[BlackElo "2410"]
[PlyCount "66"]
[EventDate "2021.09.19"]
[EventType "tourn"]
[EventRounds "9"]
[EventCountry "GER"]
[EventCategory "8"]
[SourceTitle "CBM 204 Extra"]
[Source "ChessBase"]
[SourceDate "2021.11.30"]
[SourceVersion "1"]
[SourceVersionDate "2021.11.30"]
[SourceQuality "1"]

1. e4 e6 2. d4 d5 3. Nc3 Nf6 4. e5 Nfd7 5. f4 c5 6. Nce2 Nc6 7. Nf3 Be7 8. g3 f6 9. Bh3 0-0 10. c3 cxd4 11. cxd4 fxe5 12. dxe5 Qb6 13. a3 Nc5 14. b4 Ne4 15. Ned4 a5 16. bxa5 Qxa5+ 17. Kf1 Nxd4 18. Nxd4 Bc5 19. Qd3 Bxd4 20. Qxd4 Qb5+ 21. Ke1 Ra4 22. Qb2 Qa5+ 23. Kf1 Bd7 24. Kg2 Rc4 25. Be3 d4 26. Rhc1 Qd5 27. Rxc4 Ng5+ 28. Kf1 Qxc4+ 29. Ke1 dxe3 30. fxg5 Rf2 31. Rc1 Qe4 32. Qc3 Qh1+ 33. Bf1 Qxf1# 0-1

[Event "Berlin Rising Stars GM"]
[Site "Berlin"]
[Date "2021.09.19"]
[Round "1"]
[White "Lanka, Zigurds"]
[Black "Koellner, Ruben Gideon"]
[Result "0-1"]
[WhiteElo "2390"]
[BlackElo "2441"]
[PlyCount "120"]
[EventDate "2021.09.19"]
[EventType "tourn"]
[EventRounds "9"]
[EventCountry "GER"]
[EventCategory "8"]
[SourceTitle "CBM 204 Extra"]
[Source "ChessBase"]
[SourceDate "2021.11.30"]
[SourceVersion "1"]
[SourceVersionDate "2021.11.30"]
[SourceQuality "1"]

1. c4 e5 2. g3 Nc6 3. Bg2 Bc5 4. e3 d6 5. Ne2 a6 6. Nbc3 Ba7 7. a3 Nge7 8. b4 h5 9. h4 Bg4 10. Qb3 Qd7 11. Bb2 Rb8 12. Rc1 0-0 13. Nd5 Nd8 14. Nxe7+ Qxe7 15. Nc3 Ne6 16. f3 Bf5 17. Ne4 Rbd8 18. Qd1 Bh7 19. g4 d5 20. cxd5 Rxd5 21. Qe2 Rfd8 22. Rd1 c5 23. gxh5 cxb4 24. axb4 f5 25. Ng5 Rd3 26. Nxe6 Qxe6 27. 0-0 f4 28. Kh1 Rb3 29. Ba1 Bd3 30. Qe1 Bxf1 31. Bxf1 fxe3 32. dxe3 Rf8 33. Qg3 Rxe3 34. Bg2 Bd4 35. Bxd4 exd4 36. Rxd4 Qe5 37. Qxe5 Rxe5 38. Kh2 Rxh5 39. Kg3 b6 40. f4 a5 41. bxa5 Rxa5 42. Kg4 Rf6 43. Be4 g6 44. Rd7 Kf8 45. Rb7 Rd6 46. Bc2 Rc5 47. Bb3 Rf6 48. Rd7 Rcf5 49. Rd4 b5 50. Bc2 Rc5 51. Bd3 Rb6 52. Rb4 Ke7 53. f5 gxf5+ 54. Kg5 Kf7 55. h5 f4+ 56. Kg4 f3 57. Bg6+ Kg7 58. Kxf3 Rc4 59. Rxc4 bxc4 60. Ke3 Rd6 0-1

[Event "Skalica op"]
[Site "Skalica"]
[Date "2021.08.29"]
[Round "9"]
[White "Czerw, Dawid"]
[Black "Lanka, Zigurds"]
[Result "1/2-1/2"]
[WhiteElo "2264"]
[BlackElo "2412"]
[PlyCount "113"]
[EventDate "2021.08.21"]
[EventType "swiss"]
[EventRounds "9"]
[EventCountry "SVK"]
[SourceTitle "CBM 204 Extra"]
[Source "ChessBase"]
[SourceDate "2021.11.30"]
[SourceVersion "1"]
[SourceVersionDate "2021.11.30"]
[SourceQuality "1"]

1. d4 Nf6 2. c4 c5 3. d5 b5 4. cxb5 a6 5. bxa6 g6 6. Nc3 Bxa6 7. e4 Bxf1 8. Kxf1 d6 9. Nf3 Nbd7 10. g3 Bg7 11. Kg2 Qa5 12. a4 Rb8 13. Bd2 Qa8 14. Nb5 0-0 15. Re1 Rfc8 16. b3 Ne8 17. Rc1 Nc7 18. Nxc7 Rxc7 19. Bc3 Rcb7 20. Bxg7 Kxg7 21. Rc3 Qa5 22. Ree3 Rb4 23. Nd2 Rd4 24. Qc2 Ne5 25. h3 Qa8 26. f4 Nd7 27. Rcd3 Rdb4 28. Nc4 Nb6 29. Rc3 Kg8 30. g4 Nxc4 31. Rxc4 R8b6 32. Kg3 Rxc4 33. Qxc4 Rb4 34. Qe2 Qb7 35. Qf3 Qb8 36. h4 Qb6 37. h5 c4 38. bxc4 Rxc4 39. h6 Rc2 40. Re2 Qg1+ 41. Kh3 Rc8 42. e5 dxe5 43. fxe5 Qd4 44. Qe4 Qg1 45. Qf3 Qd4 46. Kg2 Qxa4 47. d6 Qd7 48. dxe7 Qxe7 49. Qf6 Qxf6 50. exf6 Kf8 51. Kf3 Rc6 52. g5 Rc8 53. Ra2 Re8 54. Ra7 Re6 55. Kf4 Re1 56. Rb7 Re2 57. Rb8+ 1/2-1/2

[Event "LAT-ch"]
[Site "Riga"]
[Date "2020.08.25"]
[Round "2"]
[White "Lanka, Zigurds"]
[Black "Golubovskis, Maksims"]
[Result "1-0"]
[WhiteElo "2391"]
[BlackElo "2234"]
[PlyCount "57"]
[EventDate "2020.08.24"]
[EventType "swiss"]
[EventRounds "9"]
[EventCountry "LAT"]
[SourceTitle "CBM 198 Extra"]
[Source "ChessBase"]
[SourceDate "2020.11.30"]
[SourceVersion "1"]
[SourceVersionDate "2020.11.30"]
[SourceQuality "1"]

1. e4 c5 2. Nf3 d6 3. d4 cxd4 4. Nxd4 Nf6 5. Nc3 a6 6. Be3 e5 7. Nb3 Be7 8. h3 h6 9. Qf3 b5 10. 0-0-0 Qc7 11. Kb1 Bb7 12. Nd5 Bxd5 13. exd5 Nbd7 14. g4 Rc8 15. Bd3 Nb6 16. Bf5 Rb8 17. Bxb6 Qxb6 18. Nd2 Qc5 19. h4 Qxd5 20. Ne4 Qa8 21. Nxf6+ gxf6 22. Be4 Qa7 23. g5 fxg5 24. hxg5 Bxg5 25. Rxd6 Rd8 26. Qa3 0-0 27. Rdxh6 Bxh6 28. Qg3+ Bg7 29. Rh8+ 1-0